| 000 | 01077nam a22002657a 4500 | ||
|---|---|---|---|
| 001 | 8785 | ||
| 003 | FISKH | ||
| 005 | 20251020144636.0 | ||
| 008 | 251020b cb ||||| |||| 00| 0 eng d | ||
| 020 | _a9780194234252 | ||
| 040 |
_aFISKH _beng _cFISKH _dFISKH |
||
| 050 | _aPE1126.V533 | ||
| 082 | _a428.6 | ||
| 100 |
_aVicary, Tim _eAuthor |
||
| 245 |
_aPolice TV / _cIllustrated by Dylan Teague |
||
| 260 |
_aGreat Clarendon Street : _bOxford University , _c2000 |
||
| 300 |
_a40 pages : _bcolor illustrations ; _c20 cm |
||
| 505 | _aE | ||
| 520 | _aStarters is an introductory level to the Oxford Bookworms Library, suitable for readers in their first or second years of learning English. The series offers original stories in a variety of formats: narrative, interactive, and comic strip. They contain glossaries and exercises and are carefully graded in structure and vocabulary. Cassettes are available for some titles. | ||
| 521 | 8 |
_a250
_bLexile |
|
| 521 | 8 |
_aE
_bRaz-plus |
|
| 650 |
_aOxford bookworms _vCrime |
||
| 942 |
_2ddc _cBK _n0 |
||
| 999 |
_c8785 _d8785 |
||